000 00438nam a2200145Ia 4500
008 210210b1990 xxu||||| |||| 00| 0 eng d
020 _a81 207 1246 3
082 _a428 AHUH
100 _aAHUJA (Pramila) and AHUJA (G C).
245 _aHow to listen better: a handbook for improving your listening skills.
260 _aNew Delhi.
_bSterling Publishers Pvt Ltd.,
_c1990
300 _aviii,93
690 _aEnglish Usage
906 _a045037
999 _c94157
_d94157